| 000 | 00434nam a22001817a 4500 | ||
|---|---|---|---|
| 999 |
_c526498 _d526498 |
||
| 003 | NUST | ||
| 020 | _a- | ||
| 038 | _aZafar Malik | ||
| 082 |
_a891.423 _bASH |
||
| 100 |
_aAshiq _917514 |
||
| 245 |
_aPooniaan Da Dhara \ _cAshiq |
||
| 260 |
_aLahore : _bPunjabi Markaz ; _c2002. |
||
| 300 | _a160 p. ; | ||
| 500 | _aHardcover | ||
| 880 |
_6100-02\r _aعاشق |
||
| 880 |
_6245-02\r _aپونیاں دا دھڑا |
||
| 942 |
_2ddc _cBK |
||